000 00702nam a2200253Ia 4500
003 OSt
005 20220924131834.0
006 a|||||r|||| 00| 0
007 ta
008 220923b |||||||| |||| 00| 0 tel d
020 _cRs.55
024 _a346086
037 _cTextual
040 _aARTS
_cARTS
_btel
041 _2tel
_atel
082 _aO35,6x, M9
100 _aPalaparti Syamalananda Prasad Au.
_9203032
245 0 _aChalla Pichayya Sastri Sahitya Prakasamu
260 _aVijayawada
_bIndia
_c1989
300 _a319p.
_ccm.
650 _aTELUGU LITERATURE
942 _hO35,6x, M9
_cTEXL
_2CC
999 _c428372
_d428372